| 000 | 00453cam a2200193ua 4500 | ||
|---|---|---|---|
| 020 | _c4.00 | ||
| 041 |
_ahin _h |
||
| 082 |
_a891.54 _bKAR/AS |
||
| 100 | _aKarol, Lovi . | ||
| 245 |
_aAshcharya lok mem allis / _cLovi Karol. _hTextual Documents |
||
| 250 |
_a1 / _b. |
||
| 260 |
_aDelhi : _bRajkamal Prakashan , _c1961. |
||
| 300 | _a160 ; . | ||
| 365 | _a4.00 | ||
| 504 | _a | ||
| 942 | _cBK | ||
| 999 |
_c8450 _d8450 |
||